[Event "AUT-ch (Women)"]
[Site "Graz"]
[Date "2017.08.20"]
[Round "9"]
[White "Schnegg, Anna Lena"]
[Black "Wegan, Barbara"]
[Result "1-0"]
[WhiteElo "2128"]
[BlackElo "1660"]
[PlyCount "57"]
[EventDate "2017.08.12"]
[EventType "swiss"]
[EventRounds "9"]
[EventCountry "AUT"]
[SourceTitle "CBM 180 Extra"]
[Source "ChessBase"]
[SourceDate "2017.10.06"]
[SourceVersion "1"]
[SourceVersionDate "2017.10.06"]
[SourceQuality "1"]

1. e4 Nf6 2. e5 Nd5 3. c4 Nb6 4. d4 d6 5. exd6 exd6 6. Nc3 Nc6 7. Nf3 Be7 8. d5 Nb8 9. Nd4 0-0 10. Be2 Re8 11. 0-0 Bf6 12. Be3 a5 13. b3 N6d7 14. Qd2 Nc5 15. Rae1 Nbd7 16. f4 Nf8 17. Bd1 g6 18. Bc2 Bg7 19. f5 Nfd7 20. fxg6 fxg6 21. Bg5 Nf6 22. Rxe8+ Qxe8 23. Bxf6 Bxf6 24. Rxf6 Qe5 25. Rf1 Bg4 26. Qf4 Re8 27. Qf7+ Kh8 28. Ne6 Rxe6 29. Qf8# 1-0

[Event "AUT-ch (Women)"]
[Site "Graz"]
[Date "2017.08.15"]
[Round "4"]
[White "Tschida, Verena"]
[Black "Wegan, Barbara"]
[Result "0-1"]
[WhiteElo "1574"]
[BlackElo "1660"]
[PlyCount "80"]
[EventDate "2017.08.12"]
[EventType "swiss"]
[EventRounds "9"]
[EventCountry "AUT"]
[SourceTitle "CBM 180 Extra"]
[Source "ChessBase"]
[SourceDate "2017.10.06"]
[SourceVersion "1"]
[SourceVersionDate "2017.10.06"]
[SourceQuality "1"]

1. d4 Nf6 2. c4 d5 3. Nc3 c6 4. e3 Bf5 5. Nf3 h6 6. Bd2 e6 7. cxd5 exd5 8. Be2 Bd6 9. Na4 Ne4 10. Rc1 0-0 11. Nc5 Qe7 12. Nd3 Nd7 13. Qb3 Nxd2 14. Nxd2 Nf6 15. Nc5 b6 16. Na4 c5 17. Nf3 c4 18. Qd1 b5 19. Nc3 Rab8 20. 0-0 b4 21. Nb1 a5 22. Re1 Rfc8 23. Nh4 Be6 24. g3 a4 25. Bf3 g5 26. Ng2 Ne4 27. Bxe4 dxe4 28. Nd2 Bd5 29. h4 c3 30. bxc3 bxc3 31. Nb1 Rxb1 32. Rxb1 c2 33. Qc1 Bb4 34. Rxb4 Qxb4 35. Re2 Qb1 36. Re1 Bxa2 37. Kh2 Qxc1 38. Rxc1 Bb1 39. Ne1 a3 40. Nxc2 a2 0-1

[Event "AUT-ch (Women)"]
[Site "Graz"]
[Date "2017.08.12"]
[Round "1"]
[White "Wegan, Barbara"]
[Black "Hapala, Elisabeth"]
[Result "0-1"]
[WhiteElo "1660"]
[BlackElo "2075"]
[PlyCount "104"]
[EventDate "2017.08.12"]
[EventType "swiss"]
[EventRounds "9"]
[EventCountry "AUT"]
[SourceTitle "CBM 180 Extra"]
[Source "ChessBase"]
[SourceDate "2017.10.06"]
[SourceVersion "1"]
[SourceVersionDate "2017.10.06"]
[SourceQuality "1"]

1. e4 c5 2. Nf3 e6 3. Be2 Nc6 4. c3 d5 5. d3 Nf6 6. e5 Nd7 7. d4 f6 8. Bb5 cxd4 9. Bxc6 bxc6 10. Nxd4 Nxe5 11. f4 Nc4 12. Qe2 Qd6 13. b3 Nb6 14. Ba3 c5 15. 0-0 Be7 16. Re1 Kf7 17. Nd2 Qd7 18. N4f3 Re8 19. Rad1 Bd6 20. Qf2 Qc7 21. g3 Kg8 22. Nf1 Bd7 23. Ne3 Bc6 24. Nc2 Bb7 25. Rd2 Re7 26. b4 cxb4 27. Bxb4 Nc4 28. Rde2 a5 29. Bxd6 Qxd6 30. Ncd4 Rae8 31. Nb5 Qd7 32. a4 Bc6 33. Nfd4 e5 34. fxe5 fxe5 35. Nxc6 Qxc6 36. Rf1 h6 37. Qf5 Nb6 38. Qg4 e4 39. Nd4 Qxc3 40. Nf5 Re6 41. Rc2 Qf6 42. Rc7 Nc4 43. Ne7+ Qxe7 44. Rxe7 R6xe7 45. Qe2 Rb8 46. Qh5 Ne5 47. Rd1 Nf3+ 48. Kf2 Rb2+ 49. Ke3 d4+ 50. Kf4 Rf2 51. Qxa5 Kh7 52. Rc1 Nxh2# 0-1

[Event "Bad Harzburg op 1st"]
[Site "Bad Harzburg"]
[Date "1999.11.28"]
[Round "7.17"]
[White "Janzen, Christian"]
[Black "Wegan, Barbara"]
[Result "0-1"]
[WhiteElo "1694"]
[BlackElo "1802"]
[PlyCount "66"]
[EventDate "1999.11.24"]
[EventType "swiss"]
[EventRounds "7"]
[EventCountry "GER"]
[SourceTitle "EXT 2023"]
[Source "ChessBase"]
[SourceDate "2022.10.05"]
[SourceVersion "1"]
[SourceVersionDate "2022.10.05"]
[SourceQuality "1"]

1. d4 Nf6 2. Bf4 b6 3. e3 Bb7 4. Nf3 e6 5. Be2 c5 6. c3 Nc6 7. 0-0 Be7 8. Nbd2 Nh5 9. Bg3 Nxg3 10. hxg3 d5 11. Kh2 Qc7 12. Rh1 0-0-0 13. Kg1 e5 14. Bb5 f6 15. Rc1 g5 16. Qe2 h5 17. Ba6 e4 18. Bxb7+ Kxb7 19. Ne1 g4 20. Nf1 f5 21. f4 gxf3 22. gxf3 h4 23. f4 Rdg8 24. Rh3 Bf6 25. Qg2 Nd8 26. Qh1 Ne6 27. Rc2 Rg4 28. Rg2 cxd4 29. exd4 Qg7 30. Ne3 Rxg3 31. Nxf5 Rxg2+ 32. Qxg2 Qh7 33. Nxh4 Nxf4 0-1

[Event "Bad Harzburg op 1st"]
[Site "Bad Harzburg"]
[Date "1999.11.27"]
[Round "5"]
[White "Cuno, Thomas"]
[Black "Wegan, Barbara"]
[Result "1/2-1/2"]
[WhiteElo "1949"]
[BlackElo "1802"]
[PlyCount "103"]
[EventDate "1999.11.24"]
[EventType "swiss"]
[EventRounds "7"]
[EventCountry "GER"]
[SourceTitle "EXT 2023"]
[Source "ChessBase"]
[SourceDate "2022.10.05"]
[SourceVersion "1"]
[SourceVersionDate "2022.10.05"]
[SourceQuality "1"]

1. d4 Nf6 2. c4 c5 3. d5 g6 4. Nc3 Bg7 5. e4 d6 6. Bd3 0-0 7. Nge2 Ng4 8. 0-0 Ne5 9. f4 Nxd3 10. Qxd3 f5 11. Bd2 fxe4 12. Qxe4 Bf5 13. Qf3 e5 14. dxe6 Nc6 15. Rad1 Bxe6 16. b3 Rf7 17. Ne4 Rd7 18. Bc3 Qf8 19. Bxg7 Qxg7 20. Kh1 Rad8 21. g4 Kh8 22. f5 gxf5 23. gxf5 Bf7 24. Rg1 Qe5 25. Ng5 Rf8 26. Ng3 Nd4 27. Qg4 Be8 28. Rde1 Qf6 29. Ne6 Rg8 30. Qe4 Re7 31. Qe3 Bc6+ 32. Ne4 Qxf5 33. Rxg8+ Kxg8 34. Qg3+ Qg6 35. N6g5 Bxe4+ 36. Nxe4 Rxe4 37. Rxe4 Qxg3 38. hxg3 Nf5 39. Rf4 Nxg3+ 40. Kg2 Ne2 41. Re4 Nd4 42. Re8+ Kf7 43. Rb8 b5 44. cxb5 Ke6 45. a4 Nxb3 46. Rb7 c4 47. Rxa7 c3 48. b6 c2 49. b7 c1Q 50. b8Q Qg5+ 51. Kf2 Qf4+ 52. Kg2 1/2-1/2

[Event "Bad Harzburg op 1st"]
[Site "Bad Harzburg"]
[Date "1999.11.25"]
[Round "1"]
[White "Eickhoff, Hermann"]
[Black "Wegan, Barbara"]
[Result "1/2-1/2"]
[WhiteElo "2159"]
[BlackElo "1802"]
[PlyCount "61"]
[EventDate "1999.11.24"]
[EventType "swiss"]
[EventRounds "7"]
[EventCountry "GER"]
[SourceTitle "EXT 2023"]
[Source "ChessBase"]
[SourceDate "2022.10.05"]
[SourceVersion "1"]
[SourceVersionDate "2022.10.05"]
[SourceQuality "1"]

1. e4 Nf6 2. Nc3 d5 3. e5 d4 4. exf6 dxc3 5. bxc3 exf6 6. d4 Bd6 7. Bd3 Nc6 8. Nf3 0-0 9. 0-0 Bg4 10. h3 Bh5 11. Rb1 Rb8 12. Rb5 Bg6 13. Bxg6 hxg6 14. Be3 a6 15. Rb1 b5 16. Re1 Qd7 17. Qd3 g5 18. g4 Na5 19. Nd2 Rfe8 20. c4 c6 21. cxb5 axb5 22. c4 Nxc4 23. Nxc4 bxc4 24. Qxc4 Qe6 25. Qxe6 fxe6 26. Rec1 Rxb1 27. Rxb1 e5 28. Rb6 exd4 29. Bxd4 Re4 30. Be3 Rc4 31. a4 1/2-1/2

[Event "Bad Harzburg op 1st"]
[Site "Bad Harzburg"]
[Date "1999.11.25"]
[Round "3.17"]
[White "Thielemann, Joachim"]
[Black "Wegan, Barbara"]
[Result "1-0"]
[WhiteElo "1905"]
[BlackElo "1802"]
[PlyCount "65"]
[EventDate "1999.11.24"]
[EventType "swiss"]
[EventRounds "7"]
[EventCountry "GER"]
[SourceTitle "EXT 2023"]
[Source "ChessBase"]
[SourceDate "2022.10.05"]
[SourceVersion "1"]
[SourceVersionDate "2022.10.05"]
[SourceQuality "1"]

1. e4 Nf6 2. Nc3 d5 3. exd5 Nxd5 4. Bc4 Nxc3 5. bxc3 e6 6. Nf3 Be7 7. 0-0 0-0 8. Re1 b6 9. Qe2 Nc6 10. d4 Bb7 11. Bf4 Bf6 12. Rad1 Ne7 13. Be5 Nd5 14. Qd2 Rc8 15. Bb3 Be7 16. Re2 Ba6 17. Re4 f5 18. Ree1 h6 19. h3 Ba3 20. Bf4 Rf6 21. h4 Bb2 22. Bxd5 Qxd5 23. Re5 Qxa2 24. h5 Qc4 25. Re3 Bb7 26. Ne5 Qd5 27. Rg3 Kh7 28. c4 Qe4 29. f3 Bxd4+ 30. Qxd4 Qxc2 31. Rd2 Qa4 32. Qd7 Qa1+ 33. Rd1 1-0